Score 0/10 Timer 10:00
0 Plays Today
% Correct
Jamie
33.3%
Melissa
25.9%
Jason
22.2%
Teck
22.2%
Amaya
22.2%
Flora
18.5%
Irene
18.5%
Bronne
14.8%
Brynn
14.8%
Jay
7.4%
Remove Ads.
Support Sporcle.
Get the best of Sporcle when you Go Orange. This ad-free experience offers more features, more stats, and more fun while also helping to support Sporcle. Thank you for becoming a member.

You're not logged in!

Compare scores with friends on all Sporcle quizzes.
OR
Log In

Show Comments

Extras

Created Sep 23, 2009ReportNominate
Tags:World Quiz, Character, Real World

Top Quizzes Today


Score Distribution

Your Account Isn't Verified!

In order to create a playlist on Sporcle, you need to verify the email address you used during registration. Go to your Sporcle Settings to finish the process.

Report this User

Report this user for behavior that violates our Community Guidelines.

Details: